| 000 | 005510000a22001810004500 | ||
|---|---|---|---|
| 003 | MACL | ||
| 005 | 20160517122052.0 | ||
| 008 | 160517b xxu||||| |||| 00| 0 eng d | ||
| 040 |
_aMACL _cMACL |
||
| 041 | _aHindi | ||
| 082 | _a891.433 | ||
| 100 |
_aडॉ सादिक _957544 |
||
| 245 |
_aउर्दू की कालजयी कहानियॉ _cडॉ सादिक |
||
| 260 |
_bशारदा प्रकाशन _c1999 _aदिल्ली |
||
| 350 | _a125 | ||
| 650 |
_aStory _957545 |
||
| 942 |
_cHIN _k891.433/SAD/N _2ddc |
||
| 999 |
_c17738 _d17738 |
||